000 00527 a2200205 4500
005 20260216153548.0
008 260216b |||||||| |||| 00| 0 eng d
020 _a9789389802955
_cRs. 1099.00
040 _aMAIN
082 _a615.19
_bK144A(2)
100 _aKar, Ashutosh
245 _aAdvanced medicinal chemistry
250 _a2nd
260 _bNew Age International
_aLondon
_c2026
300 _axvi, 359
650 _aDrugs- Design
650 _aPharmaceutical Chemistry
650 _aPharmacology
942 _cBK
999 _c394534
_d394534